Teorías e instituciones contemporáneas de la educación

Guardat en:
Dades bibliogràfiques
Autor principal: Colom Cañellas, Antonio J (Autor)
Format: Llibre
Idioma:espanyol
Publicat: Barcelona Ariel 1997
Edició:1a. ed
Col·lecció:Ariel Educación
Matèries:
Etiquetes: Afegir etiqueta
Sense etiquetes, Sigues el primer a etiquetar aquest registre!

MARC

LEADER 00000nam a2200000 a 4500
001 UCQ0991
003 CL-VaPUC
008 980703e19970000SP |||||||||||||||||spa|d
020 |a 8434426153 
082 0 4 |a 370.11  |b COL  |2 21 
100 0 |a Colom Cañellas, Antonio J  |e author  |9 414479 
245 1 0 |a Teorías e instituciones contemporáneas de la educación 
250 |a 1a. ed 
300 |a 379 p 
942 |c BK 
945 |d 19980703 00:00:00  |a aalvarez 
260 |a Barcelona  |b Ariel  |c 1997 
650 0 |a Filosofía de la educación   |9 258384 
650 0 |a Posmodernidad  |9 325588 
650 7 |a REFORMA DE LA EDUCACION  |2 CL-VaPUC  |9 333471 
650 0 |a Pedagogía  |9 255351 
650 0 |a Hermenéutica  |9 269473 
650 0 |a Currículo  |9 307290 
583 |a last modification  |c 20140410 09:15:11  |k Rodrigo Vera 
490 0 |a Ariel Educación 
999 |c 272004  |d 272002 
952 |0 0  |1 0  |4 0  |6 370_110000000000000_COL_1997  |7 0  |8 A  |9 306821  |a BIBCUR  |b BIBCUR  |d 2019-11-20  |i 344077K  |o 370.11 COL 1997  |p 344077K  |r 2025-04-22  |w 2019-11-20  |y BK  |k BCB